000
00195 a2200097 4500
001
4908
100
_a
Hartman,HM
245
_a
Learn biology
260
_a
_b
W&R chambers
_c
090
_c
4097
_d
4097
942
_a
NUST-CAE
_c
M
_c
30375
999
_c
239981
_d
239981